| 000 | 00586nam a2200217Ia 4500 | ||
|---|---|---|---|
| 003 | OSt | ||
| 005 | 20230421152334.0 | ||
| 008 | 210423s2011 xx 000 0 und d | ||
| 020 | _a9789327216011 | ||
| 040 | _cAL | ||
| 041 | _aeng | ||
| 082 | _a658.1511 GUPM | ||
| 100 |
_aGUPTA (Shashi K);SHARMA (R K). _991683 |
||
| 245 | _aManagement accounting: principles and practice. | ||
| 250 | _a12 | ||
| 260 |
_aNew Delhi _bKalyani Publishers _c2011 |
||
| 300 |
_a37.2,12 _bPB |
||
| 365 |
_b475 _cINR |
||
| 906 | _aaccounting: ; Management ; practice. ; principles | ||
| 942 |
_2ddc _cBK |
||
| 999 |
_c160507 _d160507 |
||